000 01214nam a2200289 i 4500
001 179312
003 ES-MaACL
005 20250720003807.0
008 111027s2007 sp p |||| | spa d
020 _a978-84-7801-869-7
080 _a94(460)"15/17"
245 0 0 _aRecuperar la historia, recuperar la memoria
_b: edición crítica de textos para el aprendizaje de historia moderna /
_cJosé Manuel de Bernardo Ares... [et al.].
260 _aCórdoba :
_bServicio de Publicaciones, Universidad de Córdoba,
_c2007.
300 _aXIII, 395 p. ;
_c24 cm.
490 1 _aEstudios de historia moderna. "Documental" ;
_v3
500 _aÍndices.
504 _aBibliografía: p. [347]-358.
651 7 _aEspaña-
_xHistoria-
_vFuentes.
_98345
700 1 _aBernardo Ares, José Manuel de,
_d1945-
_928291
710 2 _aUniversidad de Córdoba.
_97164
830 0 _aEstudios de historia moderna. "Documental" ;
_v3
_9224438
852 _aES-MaACL
_jA-11677
_9186198
_bR.146735
_cDEPO1
_dOlim: N-4682
_xDonación: José Manuel de Bernardo Ares
903 _aBernardo Ares, José Manuel de,
_d1945-
_ednr
_928291
942 _2udc
_cMONOGRAFIA
999 _c179312
_d179312